Zoology: Useful reference for acadmic exams (Record no. 395152)

MARC details
000 -LEADER
fixed length control field 00471 a2200181 4500
005 - DATE & TIME
control field 20260407144610.0
008 - FIXED-LENGTH DATA ELEMENTS--GENERAL INFORMATION
fixed length control field 260407b |||||||| |||| 00| 0 eng d
020 ## - ISBN
International Standard Book Number 9789387760806
Price Rs. 1695.00
040 ## - CATALOGING SOURCE
Original cataloging agency VIVEKANANDA LIBRARY
082 ## - DDC NUMBER
Classification number 591
Book Number T739Z
100 ## - MAIN ENTRY--PERSONAL NAME
Personal name Trivedi, P R
245 ## - TITLE STATEMENT
Title Zoology: Useful reference for acadmic exams
260 ## - PUBLICATION, DISTRIBUTION, ETC. (IMPRINT)
Name of publisher, distributor, etc Satyam Publishers and Distributors
Place of publication, distribution, etc Jaipur
Date of publication, distribution, etc 2025
300 ## - PHYSICAL DESCRIPTION
Pages 250
650 ## - Subject
Subject Zoology
650 ## - Subject
Subject Animals
942 ## - ADDED ENTRY ELEMENTS (KOHA)
Koha item type Books
Holdings
Withdrawn status Lost status Source of classification or shelving scheme Damaged status Not for loan Location (home branch) Sublocation or collection (holding branch) Shelving location Date acquired Koha issues (times borrowed) Koha full call number Accession No. Koha date last seen Koha item type
    Dewey Decimal Classification     VIVEKANANDA LIBRARY VIVEKANANDA LIBRARY Vivekananda Library 03/02/2026   591 T739Z 438034 03/02/2026 Books
© Designed and Maintained by Vivekananda Library, MDU Rohtak